[Event "Capablanca Memorial Elite 53rd"]
[Site "Havana"]
[Date "2018.05.11"]
[Round "3"]
[White "Rakhmanov, Alexander"]
[Black "Anton Guijarro, David"]
[Result "1-0"]
[WhiteElo "2635"]
[BlackElo "2646"]
[Annotator "Golubev,M"]
[PlyCount "83"]
[EventDate "2018.05.09"]
[EventType "tourn"]
[EventRounds "10"]
[EventCountry "CUB"]
[EventCategory "16"]
[SourceTitle "CBM 185"]
[Source "ChessBase"]
[SourceDate "2018.07.13"]
[SourceVersion "1"]
[SourceVersionDate "2018.07.13"]
[SourceQuality "1"]

1. c4 Nf6 2. Nc3 e5 3. e3 Nc6 4. Nf3 Be7 5. d4 exd4 6. Nxd4 O-O 7. Be2 Bb4 $5
8. O-O Bxc3 9. bxc3 {Generally, in this variation White is worse structurally
but can hope for active play.} d6 (9... Ne5 $5 10. f3 d6 11. e4 b6 12. Bg5 h6 {
Chernin-Izoria, New York 2008} 13. Bxf6 $5 Qxf6 14. f4 Ng6 15. Qd2) (9... Re8
10. f3 Ne5 11. e4 d6 {Azmaiparashvili-Anand, Dubai rapid 2002, looks as a
typical position for this line.}) (9... d5 $2 {is quite bad:} 10. cxd5 Nxd5 11.
Nxc6 bxc6 12. Qd4 $16 {Rubinstein-Cohn, Bad Pistyan 1912}) 10. Nxc6 (10. Ba3
Ne5 $5 11. c5 dxc5 12. Bxc5 Re8 $11) (10. f3 $5 {S. Pavlov-T.Zhang, Shenzhen
2011, , preparing e4,}) 10... bxc6 11. Bf3 Bd7 $6 ({A precise answer is} 11...
Qe8 $1 $11 {Banikas-Ghinda, Komotini 1993, and} 12. c5 {is answered by} Ba6 $1
13. Re1 d5) 12. c5 $1 d5 13. c4 {White develops the initiative, but it's still
difficult for him to achieve anything concrete.} Rb8 $5 $146 14. cxd5 (14. Qd4
$5) 14... cxd5 15. Qd4 Re8 16. Bb2 c6 17. h3 {Preventing ...Bg4 which hardly
has been Black's main idea, however.} Bf5 $1 18. Bc3 (18. Rac1 $5) 18... Re6 (
18... Qc7 $5) 19. Qf4 Bg6 20. Bd4 Rb7 21. g4 $6 h6 (21... Ne4 $5 $132) 22. Bg2
Rb5 $5 23. Rfc1 Ne4 $6 24. Bf1 $6 (24. f3 $1 Nd2 $140 25. e4 $1) 24... Rb7 25.
f3 (25. Rab1 $5) 25... Nd2 26. Be2 $5 Rb4 (26... Nb1 $5) 27. Rd1 $1 {The
middlegame is quite complex and the players started to make mistakes.} Nb1 $6 (
27... Nc4 {and if} 28. Bc3 Ra4 29. Bxc4 Qe8 $5 30. Qd4 f6 31. Bxd5 cxd5 $1 32.
Qxd5 Bf7 $1 $132) 28. Qh2 $2 ({The correct way was} 28. a4 $1 {with somewhat
better chances for White.}) 28... Na3 $2 ({Missing} 28... Qe7 $1 $17 {with a
number of threats.}) 29. Bc3 Rb7 $5 30. e4 Qe7 $2 31. Ba6 $1 $16 {And it is
Black who has problems.} Nb5 ({It was better to try} 31... Rc7) ({or maybe even
} 31... Rb5 $5) 32. Be1 Rd7 33. Bc8 $1 Qxc5+ 34. Qf2 $5 Qxf2+ 35. Kxf2 {
Black loses an exchange and, soon, the game.} Rc7 36. Bxe6 fxe6 37. Rac1 Rf7
38. Kg3 dxe4 39. f4 Nc7 40. Rd8+ Kh7 41. Rxc6 e3 42. Rcd6 1-0

[Event "Linares zt"]
[Site "Linares"]
[Date "1995.??.??"]
[Round "2"]
[White "Gurevich, Mikhail"]
[Black "Gomez Esteban, Juan Mario"]
[Result "1-0"]
[WhiteElo "2585"]
[BlackElo "2425"]
[Annotator "Gurevich,M"]
[PlyCount "75"]
[EventDate "1995.11.??"]
[EventType "swiss"]
[EventRounds "11"]
[EventCountry "ESP"]
[SourceTitle "CBM 051"]
[Source "ChessBase"]
[SourceDate "1996.04.01"]
[SourceVersion "1"]
[SourceVersionDate "1996.04.01"]
[SourceQuality "1"]

1. c4 e5 2. Nc3 Nf6 3. Nf3 Nc6 4. a3 d5 5. cxd5 Nxd5 6. Qc2 Nb6 $5 7. e3 Bd6 8.
Bd3 $5 h6 9. b4 O-O {N [/\10...f5,11...e4]} (9... a6 10. Be2 (10. Bb2 Bxb4 11.
Be4 Bd6 12. Bxc6+ bxc6 13. Ne4 $44 {Meister,J-Tonkov Elenite op 1993}) 10...
O-O 11. d3 Be6 12. O-O Qe7 13. Bb2 $14 {Chernin,A-Naumkin,I Moscow GMA 1990}) (
9... Bxb4 $2 10. axb4 Nxb4 11. Bb5+ c6 12. Qe4 $18) 10. Be2 f5 11. d3 Qf6 12.
Bb2 Bd7 $5 {[/\13...Qg6,14...Rae8<=>>>]} 13. O-O Qg6 14. b5 $5 (14. Nb5 $5 Rae8
(14... Nxb4 15. axb4 Bxb5 16. Nxe5 $14) 15. Nxd6 cxd6 16. Rac1 $14) 14... Ne7
15. Na4 {[><e5]} (15. d4 exd4 (15... e4 16. Ne5 $36) 16. Nxd4 f4 $1 17. Qxg6
Nxg6 $132) 15... f4 $5 (15... Bxb5 16. Qb3+) 16. Nxb6 axb6 (16... Bh3 17. Nh4
Qg5 18. Nxa8 f3 (18... Bxg2 19. Nxg2 f3 20. Bxf3 $18) 19. Bxf3 Rxf3 20. Nxc7
$18) 17. Kh1 (17. Nxe5 $6 Bxe5 18. Bxe5 f3 (18... Bh3 19. Bf3 fxe3 20. fxe3 $16
) 19. Bxf3 Rxf3 20. Qxc7 Rf5 $1 (20... Bh3 21. Bg3 Nd5 22. Qxb7 $16) 21. d4 Qe6
22. Qxb7 Raf8 $36) 17... fxe3 18. Nxe5 $1 (18. fxe3 Nd5 $132 19. Qd2 Bxb5 20.
Nxe5 Qg5 $36) 18... Bxe5 19. Bxe5 Nd5 (19... Rxf2 20. Rxf2 exf2 21. Qxc7 Qf5
22. Bd4 $1 $36 {(/\23.Qg3,23.Rf1)}) 20. Qc4 Qe6 (20... Be6 21. Qe4 Qxe4 22.
dxe4 Nf4 23. Bxf4 Rxf4 24. f3 $14 {(/\Rf1-c1-c3-e3;/\Rfe1,Bf1)}) 21. f4 $1 $36
c6 22. Qe4 $5 (22. a4 cxb5 23. axb5 Rxa1 24. Rxa1 Nxf4 25. Bxf4 Qxc4 26. dxc4
Rxf4 $132) 22... Qf7 $5 (22... cxb5 23. f5 Qf7 (23... Rxf5 24. Rxf5 Qxf5 25.
Qxd5+ $18) 24. f6 $1 $36) 23. Qf3 $5 {[/\24.Qg3->>>]} Qg6 (23... cxb5 24. Qg3
Bc6 25. Bh5 Qe7 26. Bg6 $36) 24. g4 Rae8 25. Qg3 (25. d4 Rxe5 26. dxe5 Rxf4 $44
) 25... cxb5 26. Kg1 Bc6 27. f5 $44 Qf7 28. Rae1 $6 (28. d4 $6 Nc3 29. Qxe3
Nxe2+ 30. Qxe2 Qd5 31. Qa2 $13) (28. Bb2 $1 {(/\29.h4,30.g5->>>)} Nf6 29. h4
Qd5 30. Kh2 $36) (28. Bd6 $6 Nc3 $36) 28... Qe7 $1 29. Bd6 $2 (29. Bb2 b4 $132)
(29. Ba1 $142 Qxa3 30. g5 $1 (30. h4 Nc3 $17 31. g5 Qxa1 $1 32. Rxa1 Nxe2+ $19)
30... hxg5 31. Bxg7 $1 (31. Qxg5 Qe7 $17) 31... Kxg7 32. Qxg5+ Kh8 (32... Kf7
33. Bh5#) 33. Qh6+ Kg8 34. Qg6+ Kh8 35. Rf3 $18 Nf4 36. Qh6+ Kg8 37. Rg3+ Kf7
38. Rg7#) 29... Qf6 $13 30. Bxf8 Qxf8 $44 31. f6 $5 Nxf6 32. g5 hxg5 33. Qxg5
Qc5 34. Rf5 Qc3 35. Ref1 Re6 36. Qg6 Qd2 $4 $138 (36... Be8 37. Qg5 Nh7 (37...
Bc6 38. Qg6 $10) 38. Qd8 $13) 37. Rg5 $18 Re7 (37... Kf8 38. Qxg7+ Ke8 39. Rxf6
$18) 38. Qxf6 1-0

[Event "EU-Cup 09th final"]
[Site "Hilversum"]
[Date "1993.12.11"]
[Round "2"]
[White "Gurevich, Mikhail"]
[Black "Karpov, Anatoly"]
[Result "1/2-1/2"]
[WhiteElo "2605"]
[BlackElo "2760"]
[Annotator "Gurevich,M"]
[PlyCount "101"]
[EventDate "1993.12.10"]
[EventType "team-k.o."]
[EventRounds "3"]
[EventCountry "NED"]
[SourceTitle "EXT 2020"]
[Source "ChessBase"]
[SourceDate "2019.10.17"]
[SourceVersion "1"]
[SourceVersionDate "2019.10.17"]
[SourceQuality "1"]
[WhiteTeam "Clichy Echecs 92"]
[BlackTeam "Vienna Margareten Winterthur"]
[WhiteTeamCountry "FRA"]
[BlackTeamCountry "AUT"]

1. c4 e5 2. Nc3 Nf6 3. Nf3 Nc6 4. a3 d6 5. e3 g6 6. d3 Bg7 7. Be2 O-O 8. O-O
Re8 9. Qc2 Bf5 10. Nd2 $5 a6 $5 (10... d5 11. cxd5 Nxd5 12. Nxd5 Qxd5 13. e4
Nd4 14. Qd1 $18) 11. Rb1 (11. b4 $6 e4 $1 12. dxe4 Nxe4 13. Ndxe4 Bxe4 $36)
11... h5 12. b4 Nh7 13. Nd5 $5 {/\ a4,b5} (13. a4 a5 $5) 13... Be6 14. a4 Nb8
$1 {/\ c6,d5} (14... Bxd5 15. cxd5 $6 Ne7 16. Qb3 c6 17. dxc6 bxc6 18. Nc4 $5 {
/\ Na5}) (14... a5 15. b5 Bxd5 16. cxd5 Nb4 17. Qc4 Nf6 18. Bf3 $14 {/\ Ba3})
15. b5 axb5 16. axb5 c6 17. bxc6 bxc6 18. Nb6 $6 (18. Nc3 d5 19. Nf3 $10) 18...
Ra7 (18... Ra6 19. c5 d5 20. e4 $1 {/\ d4}) 19. c5 d5 20. e4 Qe7 $1 {xc5} (
20... d4 $6 21. Ndc4 Nd7 22. Nd6 Rf8 23. f4 $16) 21. Nf3 Ra5 22. Na4 Nd7 23.
Bd2 Ra7 24. Rfc1 d4 25. Rb2 {/\ Nb6} (25. Nb6 Ra2 26. Rb2 Rxb2 27. Qxb2 Rb8 $15
) 25... g5 $5 26. Nb6 (26. Bb4 g4 27. Nd2 Bh6 28. Rcb1 h4) 26... g4 27. Ne1 Bf8
28. Nxd7 Qxd7 29. f4 $1 exf4 30. Bxf4 Rea8 31. g3 Ra2 32. Bd1 $1 (32. Ng2 $2
Rxb2 33. Qxb2 Ra2 $19) 32... Qd8 33. Ng2 $13 R8a5 34. Rxa2 Rxa2 35. Qb1 Qa5 36.
Bb3 Bxb3 37. Qxb3 Nf6 {/\ Nd7, xc5} 38. Rf1 $5 {/\ Bg5->} Ra3 39. Qb8 Qxc5 40.
Bh6 Nd7 41. Qe8 Qe7 42. Qc8 Rxd3 43. Nh4 $1 $44 Qe6 44. Bxf8 Nxf8 45. Qd8 $1 c5
(45... Qxe4 46. Qg5+ Ng6 47. Qd8+ $10) (45... Re3 46. Rf5 $1 Rxe4 47. Rg5+ Kh7
48. Rxh5+ Kg8 $10 (48... Kg7 $2 49. Nf5+ Kg8 50. Qxf8+ Kxf8 51. Rh8#)) 46. Nf5
(46. Rf5 $2 Rd1+ 47. Kg2 Qxe4+ $19) 46... Rf3 47. Rxf3 (47. Ne7+ Kg7 48. Nf5+
Rxf5 $2 49. Rxf5 Ng6 50. Qd5 $14 {Karpov}) 47... gxf3 48. Ne7+ Kg7 49. Nf5+ Kg8
(49... Kg6 50. h4 $1 Qf6 (50... Qxe4 51. Qg5+ Kh7 52. Qg7#) (50... Nh7 51. Qg8+
Kf6 52. Qg7#) 51. Qxf8 $18) 50. Ne7+ Kg7 51. Nf5+ 1/2-1/2

[Event "Rubinstein Memorial 36th"]
[Site "Polanica Zdroj"]
[Date "1999.08.22"]
[Round "6"]
[White "Onischuk, Alexander"]
[Black "Gurevich, Mikhail"]
[Result "1/2-1/2"]
[WhiteElo "2657"]
[BlackElo "2643"]
[Annotator "Gurevich,M"]
[PlyCount "39"]
[EventDate "1999.08.17"]
[EventType "tourn"]
[EventRounds "9"]
[EventCountry "POL"]
[EventCategory "15"]
[SourceTitle "CBM 073"]
[Source "ChessBase"]
[SourceDate "1999.12.01"]
[SourceVersion "1"]
[SourceVersionDate "1999.12.01"]
[SourceQuality "1"]

1. c4 {Ribli} e5 2. Nc3 Nf6 3. Nf3 Nc6 4. e3 Bb4 5. Qc2 Bxc3 6. Qxc3 Qe7 7. a3
d5 8. d4 exd4 9. Nxd4 Nxd4 10. Qxd4 c5 11. Qh4 Be6 $5 (11... dxc4 {Ribli} 12.
Bxc4 O-O 13. Bd2 Be6 14. Bc3 Bxc4 15. Qxc4 Ne4 $11 {0-1 Pomes,J-Epishin,V/
Terrassa (3) 1991/CBM 24/[Ribli] (32)}) 12. cxd5 Bxd5 (12... Nxd5 13. Bb5+ Bd7
14. Bxd7+ Qxd7 15. O-O $14) 13. f3 (13. Bb5+ Nd7 14. Qxe7+ (14. Qg4 O-O-O $132)
14... Kxe7 15. f3 Ne5 $132 {/\16...Bc4}) 13... O-O (13... Nd7 $5 14. Qxe7+ Kxe7
15. e4 Bb3 $13) 14. Be2 (14. e4 Qe6 $5 $132) 14... Qe6 15. O-O Rfd8 16. e4 Nd7
$5 {[/\17...Bc4]} (16... Bc4 17. Bxc4 Qxc4 18. Bg5 Qd4+ $11) 17. Be3 Bc4 18.
Bxc4 Qxc4 19. Rad1 f6 $1 {[/\20...Ne5<=>]} 20. Bf4 (20. Rd5 Ne5 21. Rxc5 Qb3
$132) (20. Bf4 Nf8 $5 21. Bd6 $5 Ne6 22. Qg4 Nd4 23. Be7 $13) 1/2-1/2

[Event "Bad Woerishofen op 21st"]
[Site "Bad Woerishofen"]
[Date "2005.03.08"]
[Round "6"]
[White "Zhang, Pengxiang"]
[Black "Postny, Evgeny"]
[Result "1/2-1/2"]
[WhiteElo "2560"]
[BlackElo "2557"]
[Annotator "Gutman,L"]
[PlyCount "76"]
[EventDate "2005.03.04"]
[EventType "swiss"]
[EventRounds "9"]
[EventCountry "GER"]
[SourceTitle "CBM 107"]
[Source "ChessBase"]
[SourceDate "2005.08.01"]
[SourceVersion "1"]
[SourceVersionDate "2005.08.01"]
[SourceQuality "1"]

1. e4 e5 2. Nf3 Nc6 3. d4 exd4 4. Nxd4 Bc5 5. Nb3 Bb4+ 6. c3 Be7 7. c4 (7. f4 {
ist aktiver}) 7... Nf6 ({Nach} 7... Bf6 {empfehle ich} 8. Nc3 (8. Bd3 d6 9. O-O
Nge7 10. Nc3 Bxc3 11. bxc3 O-O 12. Nd4 f5 {war gut für Schawrz, Movsesian-
Landa, Tripoli 2004}) 8... Bxc3+ (8... Nge7 9. Nd5) 9. bxc3 Nge7 10. c5 O-O 11.
Bc4 Ne5 12. Be2 {, Gewinnen mit Schottisch, 1992}) 8. Nc3 O-O (8... Bb4 9. f3 (
9. Bd3 Bxc3+ 10. bxc3 d6) 9... a5 10. a4 Bxc3+ 11. bxc3 d6 12. Be2 {Gewinnen
mit Schottisch}) 9. Be2 Bb4 (9... Re8 $5) 10. f3 Bxc3+ 11. bxc3 d6 12. Bg5 $6 (
12. O-O b6 13. g4 Re8 14. Nd4 {, Gewinnen mit Schottisch}) 12... h6 13. Bh4 Ne5
14. c5 Ng6 15. Bg3 d5 16. exd5 Nxd5 17. c4 Ndf4 18. Qxd8 Rxd8 19. Kf2 Be6 20.
Rhc1 a5 21. a4 f5 22. Rab1 Nxe2 23. Kxe2 f4 24. Be1 Ne5 $6 (24... Bf5 $1 25.
Ra1 Ne5 26. Nd2 Ra6 $17) 25. Nd2 Nd3 26. Rc3 Nxc5 27. Bf2 Nxa4 28. Ra3 Re8 29.
Kd1 Nb6 30. Bxb6 cxb6 31. Rxb6 Rad8 32. c5 Bc4 33. Rxa5 Bd5 34. Ra4 Rc8 35. Ne4
Bc6 36. Rd4 Ra8 37. Rb2 Re5 38. Ke2 Rc8 1/2-1/2

[Event "Linares 10th"]
[Site "Linares"]
[Date "1992.??.??"]
[Round "2"]
[White "Salov, Valery"]
[Black "Gelfand, Boris"]
[Result "0-1"]
[WhiteElo "2655"]
[BlackElo "2665"]
[Annotator "Hansen,Cu"]
[PlyCount "72"]
[EventDate "1992.02.??"]
[EventType "tourn"]
[EventRounds "13"]
[EventCountry "ESP"]
[EventCategory "17"]
[SourceTitle "CBM 028"]
[Source "ChessBase"]
[SourceDate "1992.06.01"]
[SourceVersion "1"]
[SourceVersionDate "1992.06.01"]
[SourceQuality "1"]

1. c4 {Ribli} Nf6 2. Nc3 e5 3. Nf3 Nc6 4. e3 Bb4 5. Nd5 e4 6. Ng1 O-O 7. Qc2
Re8 8. Ne2 Bd6 (8... Bf8 $6 {Ribli} 9. a3 Ne5 10. Ng3 d6 11. Nxf6+ Qxf6 12.
Qxe4 Bd7 13. Qc2 g6 14. d4 Ng4 15. h3 Nh6 16. Be2 $16 {Makarychev-Petursson
Palma de Mallorca GMA-op 1989 48/(24)}) 9. a3 b5 (9... Be5 10. Ng3 d6 (10...
Bxg3 11. hxg3 d6 12. b3 Ne5 13. Bb2 Nxd5 14. cxd5 Bf5 $13 {
Seirawan-Brenninkmeijer Wijk 1992}) 11. Be2 Nxd5 12. cxd5 Ne7 13. Qxe4 $16 {
Salov-Epischin Wijk 1992}) 10. Nxf6+ {N} (10. Ng3 bxc4 11. Bxc4 Bb7 12. b4 Ne5
13. Nxf6+ Qxf6 14. Bb2 Qg6 $15 {Adorjan-Romanischin Riga (izt) 1979}) 10...
Qxf6 11. c5 (11. cxb5 {Ribli} Ne5 12. Qxe4 (12. Nc3 Bb7 13. Nxe4 Qg6 14. f3
Nxf3+ 15. gxf3 Rxe4 $1 $17) 12... Bb7 $1 13. Qxb7 Nd3+ $17) 11... Be5 12. Ng3 (
12. Qxe4 $5) (12. Qxe4 {Ribli} Bb7 $44) 12... Bb7 13. Be2 (13. Nxe4 $5 {Ribli}
Qg6 $44) (13. Bxb5 {Ribli} Bxg3 14. hxg3 Ne5 {/\ 15...Ba6}) 13... Bxg3 14. hxg3
Ne5 $15 {ץc1} 15. Rh4 (15. Bxb5 Ba6 {><d3}) 15... Qg6 16. Qc3 d5 17. b4 (17.
Bxb5 {Ribli} Ba6 $1 $44) 17... Rad8 18. Kf1 d4 19. exd4 Nd3 20. Bb2 Bd5 $1 {
ץb2} 21. Kg1 Re6 22. Rf1 f5 23. Ba1 c6 24. Bh5 Qg5 25. Be2 Rde8 26. Qc2 Rh6
27. Rxh6 Qxh6 28. Bc3 f4 29. Qd1 f3 30. gxf3 Rf8 31. fxe4 Bxe4 32. f3 Qh3 33.
Rf2 Nxf2 34. Kxf2 Qh2+ 35. Ke3 Bd5 36. Kd3 Bc4+ {Hansen,C} 0-1

[Event "Helsingor Jubilee"]
[Site "Helsingor"]
[Date "1999.10.23"]
[Round "4"]
[White "Hansen, Curt"]
[Black "Hector, Jonny"]
[Result "1/2-1/2"]
[WhiteElo "2607"]
[BlackElo "2505"]
[Annotator "Hansen,SB"]
[PlyCount "45"]
[EventDate "1999.10.19"]
[EventType "tourn"]
[EventRounds "6"]
[EventCountry "DEN"]
[EventCategory "13"]
[SourceTitle "CBM 074"]
[Source "ChessBase"]
[SourceDate "2000.02.01"]
[SourceVersion "1"]
[SourceVersionDate "2000.02.01"]
[SourceQuality "1"]

1. c4 {[%mdl 32]} Nf6 2. Nc3 e5 3. Nf3 Nc6 4. e3 Bb4 5. Qc2 O-O (5... Bxc3 6.
Qxc3 Qe7 {Gives black an easy game according to the latest games.}) 6. Nd5 Be7
$5 {This idea is becoming more and more popular in the english...e5 systems.
Black gives his blacksquared bishop and then keeps! his pawns on black and
tries to play on the white squares.} 7. a3 Re8 8. d3 d6 9. Nxe7+ Rxe7 10. b4 a5
11. b5 $6 {Takes all the dynamic force out of white's queenside, he had to go
for 11.Rb1} Nb8 12. Be2 h6 13. O-O Bf5 14. a4 Nbd7 15. Ba3 Nc5 16. Nd2 Bg6 17.
Rad1 Kh8 $3 {[%cal Yd8g8,Yg8h7,Rh7d3]} 18. Nb1 Qg8 19. Nc3 b6 20. Rd2 Rae8 21.
Qd1 Qh7 22. h3 h5 23. Kh2 {Black has played in brillant Niemzovitch tradition.
Now he only need to destroy (white is offcourse very solid but black is
clearly better)This he could try to achieve with a pawnstorm on the kingside.}
1/2-1/2

[Event "Tel Aviv ASA"]
[Site "Tel Aviv"]
[Date "1994.??.??"]
[Round "7"]
[White "Rechlis, Gad"]
[Black "Manor, Ilan"]
[Result "1/2-1/2"]
[WhiteElo "2510"]
[BlackElo "2460"]
[Annotator "Hecht,H"]
[PlyCount "142"]
[EventDate "1994.04.??"]
[EventType "tourn"]
[EventRounds "9"]
[EventCountry "ISR"]
[EventCategory "10"]
[SourceTitle "CBM 042"]
[Source "ChessBase"]
[SourceDate "1994.10.01"]
[SourceVersion "1"]
[SourceVersionDate "1994.10.01"]
[SourceQuality "1"]

1. c4 e5 2. Nc3 Nf6 3. Nf3 Nc6 4. a3 d5 5. cxd5 Nxd5 6. e4 Nf6 7. Bb5 Bd6 8. d4
exd4 9. Qxd4 O-O 10. Bxc6 bxc6 11. e5 Bxe5 12. Qxd8 Bxc3+ 13. bxc3 Rxd8 14. O-O
Ne4 15. c4 Ba6 16. Ne5 c5 17. Be3 f6 18. Nc6 Rd3 19. Rfe1 Bxc4 20. f3 Nc3 21.
Bxc5 Rd2 22. Bxa7 Ne2+ 23. Kh1 Rd6 24. Ne7+ Kf7 25. Bc5 Re6 26. Bb4 g6 27. Rad1
Re8 28. Nd5 c5 29. Nc7 cxb4 30. Nxe8 Rxe8 31. axb4 g5 32. g3 Bb3 33. Rd7+ Kg6
34. Rb1 Bc2 35. Rb2 Bf5 36. Rdd2 Nc3 37. b5 Bh3 38. Kg1 Re1+ 39. Kf2 Rf1+ 40.
Ke3 Nd1+ 41. Rxd1 Rxd1 42. b6 Rd8 43. b7 Rb8 44. Kd4 Bf1 45. Kc5 Ba6 46. Kc6
Kf5 47. Kc7 Rxb7+ 48. Rxb7 Bxb7 49. Kxb7 g4 (49... Ke5 50. Kc6 f5 (50... Kd4
51. Kd6 Ke3 52. Ke6 Kxf3 53. Kxf6 $10) 51. Kc5 g4 52. f4+ Ke4 53. Kd6 Kf3 54.
Ke5 Kg2 55. Kxf5 h5 56. Kg5 Kxh2 57. f5 Kxg3 58. f6 $18) 50. f4 Ke4 51. Kc6 Kf3
52. Kd6 Kg2 53. Ke6 Kxh2 54. Kxf6 Kxg3 55. f5 Kh4 (55... h5 56. Kg5 h4 57. f6
h3 58. f7 h2 59. f8=Q h1=Q 60. Qf4+ $10) 56. Kg7 h5 (56... g3 57. f6 g2 58. f7
g1=Q+ 59. Kxh7 Qf2 60. Kg7 Qd4+ 61. Kh7 Qf6 62. Kg8 Qg6+ 63. Kh8 $10) 57. f6 g3
58. f7 g2 59. f8=Q g1=Q+ $10 {CD} 60. Kh7 Qb1+ 61. Kh6 Qc1+ 62. Kh7 Qc2+ 63.
Kh6 Qd2+ 64. Kh7 Qd3+ 65. Kh6 Qe3+ 66. Kh7 Qe4+ 67. Kh6 Qe6+ 68. Kh7 Kg5 69.
Qd8+ Kf4 70. Qh4+ Qg4 71. Qf2+ Qf3 (71... Qf3 72. Qh4+ Kf5 73. Qd4 (73. Qb4 $2
Qe4 74. Qf8+ Kg4+ $19) 73... Qe4 74. Qg7 $10) 1/2-1/2

[Event "Belfort"]
[Site "Belfort"]
[Date "1997.??.??"]
[Round "6"]
[White "Kosten, Anthony C"]
[Black "Degraeve, Jean Marc"]
[Result "1-0"]
[WhiteElo "2530"]
[BlackElo "2540"]
[Annotator "Hecht,H"]
[PlyCount "95"]
[EventDate "1997.10.??"]
[EventType "tourn"]
[EventRounds "10"]
[EventCountry "FRA"]
[EventCategory "13"]
[SourceTitle "CBM 062"]
[Source "ChessBase"]
[SourceDate "1998.01.31"]
[SourceVersion "1"]
[SourceVersionDate "1998.01.31"]
[SourceQuality "1"]

1. c4 e5 2. Nc3 Nf6 3. Nf3 Nc6 4. d4 exd4 5. Nxd4 Bb4 6. Bg5 h6 7. Bh4 O-O 8.
Rc1 Re8 9. e3 Nxd4 10. Qxd4 c5 11. Qd1 g5 12. Bg3 d5 13. cxd5 Qxd5 14. Qxd5
Nxd5 15. h4 Bg4 16. Bb5 Red8 17. f3 Bd7 18. Bxd7 Rxd7 19. e4 Bxc3+ 20. bxc3 Nf4
21. Bxf4 gxf4 22. Rd1 Rad8 23. Rxd7 Rxd7 24. Ke2 Kg7 25. h5 Rd6 26. Rb1 b6 27.
a4 Kf6 28. g3 fxg3 29. f4 Rd8 30. Rg1 Rg8 31. Kf3 Rd8 32. Rxg3 Rd3+ 33. Kf2 {
[#]} Rd2+ (33... Rxg3 34. Kxg3 a6 (34... c4 35. Kf3 $18 {[%csl Rc4][%cal Rf3e3,
Re3d4]}) 35. c4 Ke6 36. Kf3 Kd6 37. e5+ Kc6 38. f5 b5 39. axb5+ axb5 40. cxb5+
Kxb5 41. e6 fxe6 42. f6 $18) 34. Ke3 Rh2 35. Kf3 Rxh5 36. e5+ Kf5 37. Rg7 Rh3+
38. Kg2 Rxc3 39. Rxf7+ Kg4 40. Kf2 Rc2+ 41. Ke3 Rc3+ 42. Kd2 Rc4 43. e6 Rxa4
44. e7 Re4 45. f5 b5 46. f6 Kf3 47. Rf8 Kf2 48. Rd8 $1 {Es drohte nicht nur
längs der e-Linie (e1-e3) Dauerschach sondern auch längs der 4.Reihe. Der
Textzug pariert beides.} 1-0

[Event "SWE-ch"]
[Site "Skara"]
[Date "2002.07.11"]
[Round "10"]
[White "Eriksson, Johan"]
[Black "Hector, Jonny"]
[Result "0-1"]
[WhiteElo "2426"]
[BlackElo "2513"]
[Annotator "Hecht,H"]
[PlyCount "98"]
[EventDate "2002.06.30"]
[EventType "tourn"]
[EventRounds "13"]
[EventCountry "SWE"]
[EventCategory "9"]
[SourceTitle "CBM 091"]
[Source "ChessBase"]
[SourceDate "2002.11.12"]
[SourceVersion "1"]
[SourceVersionDate "2002.11.12"]
[SourceQuality "1"]

1. c4 Nf6 2. Nc3 e5 3. Nf3 Nc6 4. a3 d5 5. cxd5 Nxd5 6. Qc2 Be6 7. e3 Bd6 8.
Bd3 h6 9. O-O Nde7 10. Be2 O-O 11. b4 f5 12. d3 a5 13. b5 Nb8 14. e4 Nd7 15. d4
Kh8 16. Rd1 Qe8 17. dxe5 Nxe5 18. b6 Nxf3+ 19. Bxf3 Be5 20. Bb2 cxb6 21. exf5
Nxf5 22. Qe2 Bf6 23. Nb5 Bb3 24. Rd2 Qxe2 25. Bxe2 Rad8 26. Rxd8 Rxd8 27. Bxf6
gxf6 28. Rc1 Ba4 29. g3 Rd2 30. Bf1 Rb2 31. Rc8+ Kg7 32. Rc7+ Kf8 33. Na7 Nd6
34. Nc8 Nxc8 35. Rxc8+ Ke7 {Freibauern Taktik: Fesselung, Hineinziehungsschach}
36. Rc7+ Kd8 37. Rc4 (37. Rxb7 Rb1 $19 {[%csl Rf1][%cal Ra4b5]}) 37... Bc6 38.
Rh4 (38. Rc1 b5 $19 {oder auch Ta2}) 38... Rb1 39. Rh5 (39. a4 b5 $19) 39...
Ra1 40. a4 Bf3 41. Rxh6 Be2 42. Rxf6 b5 43. h4 bxa4 44. h5 a3 45. h6 a2 46.
Rf8+ Ke7 47. h7 Rxf1+ 48. Kg2 Rg1+ $1 49. Kh2 Rh1+ (49... a1=Q $144 {setzt
rasch matt}) 0-1

[Event "SWE-ch"]
[Site "Skara"]
[Date "2002.07.05"]
[Round "6"]
[White "Cicak, Slavko"]
[Black "Hector, Jonny"]
[Result "0-1"]
[WhiteElo "2537"]
[BlackElo "2513"]
[Annotator "Hecht,H"]
[PlyCount "90"]
[EventDate "2002.06.30"]
[EventType "tourn"]
[EventRounds "13"]
[EventCountry "SWE"]
[EventCategory "9"]
[SourceTitle "CBM 091"]
[Source "ChessBase"]
[SourceDate "2002.11.12"]
[SourceVersion "1"]
[SourceVersionDate "2002.11.12"]
[SourceQuality "1"]

1. c4 Nf6 2. Nc3 e5 3. Nf3 Nc6 4. a3 g6 5. g3 Bg7 6. Bg2 d5 7. cxd5 Nxd5 8. O-O
Be6 9. d3 h6 10. Bd2 O-O 11. Ne4 a5 12. Rc1 Nde7 13. Nc5 Bc8 14. b4 b6 15. Ne1
axb4 16. axb4 bxc5 17. b5 Nd4 18. Bxa8 Be6 19. Ra1 Bb3 20. Qb1 Nxe2+ 21. Kh1
Bd5+ 22. Bxd5 Qxd5+ 23. f3 Qd7 24. Rf2 Qh3 25. g4 e4 26. Ra4 e3 27. Bxe3 Nd5
28. Bxc5 Ndc3 29. Qc2 Nxa4 30. Qxa4 Re8 31. Nc2 Nc3 32. Qf4 Be5 33. Qc1 Bxh2
34. Qf1 Qxf1+ 35. Rxf1 Bf4 36. Nd4 Re5 {[#] Figurenaufgabe für
Schwindelchancen anstatt mit Minusbauer ein sehr schlechtes Endspiel
bestreiten zu müssen.} 37. b6 $5 Rxc5 38. b7 c6 39. Ra1 {Möchte den Bb7 gegen
den unangenehmen Läufer eintauschen, wonach der Minusbauer vielleicht
erträglicher wäre.} Kg7 40. Ra7 (40. Ra8 Rd5 41. Nxc6 Rxd3 42. Kg2 Rd2+ 43. Kg1
Ne2+ 44. Kf1 (44. Kf2 Nd4+ 45. Ke1 Nxf3+ 46. Kf1 Be3 47. b8=Q Rf2#) 44... Ng3+
45. Ke1 Re2+ 46. Kd1 Rf2 {[%cal Rf2f1,Rf1c1]} 47. b8=Q Bxb8 48. Rxb8 Rxf3 $19)
40... Kf6 {Einleitung eines Königsangriffes mit dem König.} 41. Ra6 Kg5 42.
Rxc6 (42. Nxc6 Kh4 43. b8=Q Bxb8 44. Nxb8 Rb5 45. Nd7 Kg3 46. Ra1 Rb2 47. Nf6
Rh2+ 48. Kg1 Rg2+ 49. Kf1 Rf2+ 50. Ke1 Kg2 $19 {Wunderschöner Mattangriff.})
42... Rd5 43. Rc4 Rd7 $5 (43... Kh4 $142) ({Noch besser ist vielleicht} 43...
Bd6 44. Rb4 $140 Na2) 44. Rb4 $2 (44. Nc2 $1 {[%csl Rc3,Rf4]} Rxb7 45. Rxc3 {
und Weiß kann noch kämpfen}) 44... Kh4 45. Kg2 Nd5 {[%csl Rb4,Rb7,Rd4][%cal
Rd5e3]} (45... Nd5 46. b8=Q Bxb8 47. Rxb8 Nf4+ $19) 0-1